Αριστοτέλους πρώτη φιλοσοφία : (τα μετά τα φυσικά)

Saved in:
Bibliographic Details
Main Author: Αριστοτέλης, 384-322 π.Χ
Other Authors: Γεωργούλης, Κωνσταντίνος Δ., 1894-1968 (Author of introduction, etc.)
Format: Book
Language:Greek
Published: Αθήνα ; Θεσσαλονίκη : Παπαδήμας, Αλεξίου και Πικόπουλος, 1992
Edition:4η έκδ.
Subjects:
Tags: Add Tag
No Tags, Be the first to tag this record!

MARC

LEADER 00000cam a2200000 i 4500
001 1/21720
008 060113s1992 gr | ||| |||| ||gre||
020 |a 9602061529 
035 |l 10081955 
040 |a GR-MY-UA  |b gre  |e aacr 
041 0 |a gre 
082 0 |a 185  |2 (22) 
100 0 |a Αριστοτέλης,   |d 384-322 π.Χ. 
245 1 0 |a Αριστοτέλους πρώτη φιλοσοφία :  |b (τα μετά τα φυσικά) /  |c Αριστοτέλης ; εισαγωγή και ερμηνεία Κ.Δ. Γεωργούλη 
250 |a 4η έκδ. 
260 |a Αθήνα ; Θεσσαλονίκη :   |b Παπαδήμας,   |b Αλεξίου και Πικόπουλος,   |c 1992 
300 |a xciv, 405 σ.;  |c 21 εκ. 
500 |a Το Παράρτημα της Ρόδου διαθέτει την έκδοση του 1935 
650 0 0 |a Metaphysics  |v Early works to 1800. 
700 1 |4 aui  |a Γεωργούλης, Κωνσταντίνος Δ.,   |d 1894-1968. 
852 |a INST  |b LESVOS  |e 20060113  |h 185 ΑΡΙ  |p 005100033915  |q 005100033915  |t BK  |y 0 
852 |a INST  |b RHODES  |c AKA  |e 20080715  |h  185 ΑΡΙ  |p 005400027714  |q 005400027714  |t BK  |y 0 
901 |a BIBL1-2006-1 
901 |a BIBL4-2008-2 
909 |a Λ  |b 124560 
909 |a Ρ  |b 150820 
920 |a ΕΠΕΑΕΚ ΚΟΙΝΩΝΙΚΗΣ ΑΝΘΡΩΠΟΛΟΓΙΑΣ  |y ΛΕΣΒΟΣ  |z 2005-11 
970 |a ΚΑΡΑ  |b ΓΙΑΣΕΜΗ  |z 2006/01/13